00351nam a2200133 a 4500020001800000082001500018100001800033245005100051260003300102300000900135500003500144650002000179700001800199 a978817884551700a297.2bAHM aAhmed, Sharif aReflection on Islamic Beliefs and Resurrection aDelhi bCyber Techpub c2010 a312p aincludes index and biblioraphy aIslam-Doctrines1 aAhmed, Sharif